[Event "DEM U12w 2018"]
[Site "Willingen GER"]
[Date "2018.05.23"]
[Round "7"]
[White "Lorenz, Anouk"]
[Black "Zhou, Lepu Coco"]
[Result "0-1"]
[Termination "normal"]
[Board "2"]
[WhiteElo "1310"]
[BlackElo "1720"]
[WhiteClock "00:16:11"]
[BlackClock "00:12:24"]
[PlyCount "154"]
[WhiteFideId "12990256"]
[BlackFideId "16217136"]
[EventCountry "GER"]
[EventRounds "11"]
[EventType "swiss"]
[EventDate "2018.05.19"]

1. e4 {[%clk 1:15:58]} 1... e5 {[%clk 1:15:56]} 2. Nf3 {[%clk 1:16:23]} 2...
Nc6 {[%clk 1:16:21]} 3. d4 {[%clk 1:16:41]} 3... exd4 {[%clk 1:16:47]} 4. Bc4 {
[%clk 1:17:03]} 4... Nf6 {[%clk 1:17:08]} 5. e5 {[%clk 1:17:26]} 5... d5 {
[%clk 1:17:34]} 6. Bb5 {[%clk 1:17:47]} 6... Ne4 {[%clk 1:17:59]} 7. Nxd4 {
[%clk 1:18:04]} 7... Bd7 {[%clk 1:18:19]} 8. Bxc6 {[%clk 1:18:25]} 8... bxc6 {
[%clk 1:18:45]} 9. O-O {[%clk 1:18:38]} 9... Bc5 {[%clk 1:19:10]} 10. f3 {
[%clk 1:19:03]} 10... Ng5 {[%clk 1:19:35]} 11. f4 {[%clk 1:19:24]} 11... Ne4 {
[%clk 1:20:01]} 12. Be3 {[%clk 1:19:45]} 12... Bb6 {[%clk 1:20:21]} 13. Nd2 {
[%clk 1:20:03]} 13... Nxd2 {[%clk 1:20:46]} 14. Qxd2 {[%clk 1:20:24]} 14... c5
{[%clk 1:21:10]} 15. Nf3 {[%clk 1:20:47]} 15... d4 {[%clk 1:21:34]} 16. Bf2 {
[%clk 1:21:09]} 16... O-O {[%clk 1:21:47]} 17. Qd3 {[%clk 1:21:25]} 17... h6 {
[%clk 1:20:11]} 18. f5 {[%clk 1:21:17]} 18... f6 {[%clk 1:20:18]} 19. Bh4 {
[%clk 1:20:36]} 19... Bc6 {[%clk 1:14:31]} 20. exf6 {[%clk 1:19:12]} 20... gxf6
{[%clk 1:14:47]} 21. Rae1 {[%clk 1:16:02]} 21... Ba5 {[%clk 1:12:07]} 22. Rd1 {
[%clk 1:12:32]} 22... Qd5 {[%clk 1:09:55]} 23. b3 {[%clk 1:11:55]} 23... Rae8 {
[%clk 1:07:33]} 24. c3 {[%clk 1:11:25]} 24... Bxc3 {[%clk 1:03:51]} 25. Bf2 {
[%clk 1:07:43]} 25... Kh7 {[%clk 0:58:00]} 26. Nh4 {[%clk 0:58:16]} 26... Rg8 {
[%clk 0:54:02]} 27. Bg3 {[%clk 0:54:20]} 27... Rg4 {[%clk 0:48:21]} 28. Qf3 {
[%clk 0:47:42]} 28... Qxf3 {[%clk 0:47:36]} 29. Nxf3 {[%clk 0:47:49]} 29... Re2
{[%clk 0:42:29]} 30. Rf2 {[%clk 0:46:24]} 30... Rxf2 {[%clk 0:40:46]} 31. Kxf2
{[%clk 0:46:46]} 31... Be4 {[%clk 0:37:41]} 32. Bxc7 {[%clk 0:45:00]} 32...
Bxf5 {[%clk 0:36:35]} 33. Bd6 {[%clk 0:43:11]} 33... Bb4 {[%clk 0:36:10]} 34.
Rc1 {[%clk 0:41:25]} 34... d3 {[%clk 0:30:59]} 35. Rd1 {[%clk 0:41:04]} 35...
d2 {[%clk 0:24:10]} 36. h3 {[%clk 0:39:30]} 36... Re4 {[%clk 0:24:30]} 37. g3 {
[%clk 0:36:39]} 37... Re6 {[%clk 0:24:46]} 38. Nd4 {[%clk 0:33:14]} 38... Re1 {
[%clk 0:21:42]} 39. Rxd2 {[%clk 0:30:44]} 39... Bxd2 {[%clk 0:22:04]} 40. Nxf5
{[%clk 0:31:03]} 40... Ra1 {[%clk 0:21:26]} 41. a4 {[%clk 0:28:58]} 41... Bb4 {
[%clk 0:20:05]} 42. Bf8 {[%clk 0:28:12]} 42... h5 {[%clk 0:18:32]} 43. g4 {
[%clk 0:26:35]} 43... hxg4 {[%clk 0:18:02]} 44. hxg4 {[%clk 0:26:48]} 44... Ra3
{[%clk 0:18:08]} 45. Be7 {[%clk 0:23:46]} 45... Kg6 {[%clk 0:16:51]} 46. Nh4+ {
[%clk 0:23:29]} 46... Kf7 {[%clk 0:17:10]} 47. Nf5 {[%clk 0:23:14]} 47... Rxb3
{[%clk 0:17:27]} 48. a5 {[%clk 0:22:04]} 48... c4 {[%clk 0:15:59]} 49. Bd8 {
[%clk 0:20:25]} 49... Rd3 {[%clk 0:15:22]} 50. Bc7 {[%clk 0:20:07]} 50... c3 {
[%clk 0:14:23]} 51. Bf4 {[%clk 0:16:50]} 51... Bxa5 {[%clk 0:13:33]} 52. Nd6+ {
[%clk 0:16:52]} 52... Ke6 {[%clk 0:11:58]} 53. Ne4 {[%clk 0:15:40]} 53... Bb6+
{[%clk 0:10:08]} 54. Ke2 {[%clk 0:15:35]} 54... Rd4 {[%clk 0:10:13]} 55. Kf3 {
[%clk 0:15:07]} 55... c2 {[%clk 0:10:25]} 56. Bh6 {[%clk 0:13:17]} 56... Rd3+ {
[%clk 0:07:46]} 57. Ke2 {[%clk 0:13:09]} 57... Re3+ {[%clk 0:07:00]} 58. Bxe3 {
[%clk 0:12:37]} 58... Bxe3 {[%clk 0:07:26]} 59. Nc5+ {[%clk 0:12:37]} 59...
Bxc5 {[%clk 0:07:45]} 60. Kd2 {[%clk 0:12:59]} 60... Ke5 {[%clk 0:07:49]} 61.
Kxc2 {[%clk 0:13:18]} 61... Kf4 {[%clk 0:08:10]} 62. Kd3 {[%clk 0:13:34]} 62...
Kxg4 {[%clk 0:08:28]} 63. Ke4 {[%clk 0:13:45]} 63... f5+ {[%clk 0:08:41]} 64.
Kd3 {[%clk 0:13:57]} 64... f4 {[%clk 0:08:59]} 65. Ke2 {[%clk 0:14:16]} 65...
Kg3 {[%clk 0:08:48]} 66. Kf1 {[%clk 0:14:31]} 66... f3 {[%clk 0:09:12]} 67. Ke1
{[%clk 0:14:46]} 67... Kg2 {[%clk 0:09:37]} 68. Kd2 {[%clk 0:15:05]} 68... f2 {
[%clk 0:09:50]} 69. Kd3 {[%clk 0:15:31]} 69... f1=Q+ {[%clk 0:10:13]} 70. Ke4 {
[%clk 0:15:55]} 70... Qc4+ {[%clk 0:10:15]} 71. Ke5 {[%clk 0:16:10]} 71... Qd4+
{[%clk 0:10:34]} 72. Ke6 {[%clk 0:16:30]} 72... Kf3 {[%clk 0:10:52]} 73. Kf5 {
[%clk 0:16:41]} 73... Qe4+ {[%clk 0:11:15]} 74. Kg5 {[%clk 0:16:24]} 74... Qf4+
{[%clk 0:11:33]} 75. Kg6 {[%clk 0:16:41]} 75... Bf8 {[%clk 0:11:35]} 76. Kh7 {
[%clk 0:15:59]} 76... Qf7+ {[%clk 0:11:59]} 77. Kh8 {[%clk 0:16:11]} 77... Qg7#
{[%clk 0:12:24]} 0-1

[Event "DEM U12w 2018"]
[Site "Willingen GER"]
[Date "2018.05.23"]
[Round "7"]
[White "Werner, Rosalie"]
[Black "Hentschel, Lena"]
[Result "1-0"]
[Termination "normal"]
[Board "3"]
[WhiteElo "1575"]
[BlackElo "1466"]
[WhiteClock "00:13:32"]
[BlackClock "00:09:07"]
[PlyCount "109"]
[WhiteFideId "16223748"]
[BlackFideId "16240324"]
[EventCountry "GER"]
[EventRounds "11"]
[EventType "swiss"]
[EventDate "2018.05.19"]

1. e4 {[%clk 1:15:59]} 1... e5 {[%clk 1:15:53]} 2. Nf3 {[%clk 1:16:25]} 2...
Nc6 {[%clk 1:16:14]} 3. Bb5 {[%clk 1:16:51]} 3... a6 {[%clk 1:16:31]} 4. Bxc6 {
[%clk 1:17:17]} 4... dxc6 {[%clk 1:16:47]} 5. Nc3 {[%clk 1:17:42]} 5... f6 {
[%clk 1:16:16]} 6. d3 {[%clk 1:16:41]} 6... Be6 {[%clk 1:12:45]} 7. O-O { [%clk
1:16:06]} 7... Bc5 {[%clk 1:10:33]} 8. Be3 {[%clk 1:15:50]} 8... Bxe3 { [%clk
1:06:33]} 9. fxe3 {[%clk 1:16:11]} 9... Ne7 {[%clk 1:06:52]} 10. Qd2 { [%clk
1:09:59]} 10... O-O {[%clk 1:05:17]} 11. d4 {[%clk 1:08:07]} 11... exd4 { [%clk
1:03:47]} 12. exd4 {[%clk 1:07:58]} 12... Ng6 {[%clk 0:58:24]} 13. Rad1 { [%clk
1:04:21]} 13... Qe7 {[%clk 0:56:38]} 14. a3 {[%clk 0:58:21]} 14... Rad8 { [%clk
0:54:48]} 15. Qe3 {[%clk 0:55:25]} 15... Qf7 {[%clk 0:51:21]} 16. Ng5 { [%clk
0:52:26]} 16... Qe7 {[%clk 0:48:21]} 17. Nxe6 {[%clk 0:48:37]} 17... Qxe6
{[%clk 0:48:10]} 18. Qg3 {[%clk 0:47:08]} 18... Qd6 {[%clk 0:38:57]} 19. Qf3 {
[%clk 0:37:29]} 19... Qe7 {[%clk 0:30:37]} 20. Rfe1 {[%clk 0:32:01]} 20... Qf7
{[%clk 0:17:23]} 21. Rf1 {[%clk 0:20:01]} 21... Qe6 {[%clk 0:14:39]} 22. Qf5 {
[%clk 0:16:28]} 22... Qxf5 {[%clk 0:12:46]} 23. exf5 {[%clk 0:16:17]} 23... Ne7
{[%clk 0:12:39]} 24. Ne4 {[%clk 0:15:57]} 24... Nd5 {[%clk 0:12:07]} 25. Rd3 {
[%clk 0:12:57]} 25... Rfe8 {[%clk 0:11:43]} 26. Re1 {[%clk 0:09:43]} 26... Re7
{[%clk 0:10:38]} 27. c4 {[%clk 0:06:01]} 27... Rde8 {[%clk 0:08:23]} 28. cxd5 {
[%clk 0:05:46]} 28... Rxe4 {[%clk 0:08:23]} 29. Rxe4 {[%clk 0:05:45]} 29...
Rxe4 {[%clk 0:08:35]} 30. dxc6 {[%clk 0:06:08]} 30... bxc6 {[%clk 0:08:33]} 31.
g3 {[%clk 0:06:17]} 31... Kf7 {[%clk 0:08:42]} 32. Kf2 {[%clk 0:06:21]} 32...
Ke8 {[%clk 0:08:30]} 33. Re3 {[%clk 0:06:26]} 33... Rxe3 {[%clk 0:08:35]} 34.
Kxe3 {[%clk 0:06:52]} 34... Ke7 {[%clk 0:08:53]} 35. Kd3 {[%clk 0:07:16]} 35...
Kd7 {[%clk 0:08:48]} 36. Kc4 {[%clk 0:07:31]} 36... Kd6 {[%clk 0:09:06]} 37. b4
{[%clk 0:07:40]} 37... g6 {[%clk 0:09:02]} 38. g4 {[%clk 0:07:49]} 38... g5 {
[%clk 0:08:32]} 39. h3 {[%clk 0:08:08]} 39... h6 {[%clk 0:08:23]} 40. a4 {
[%clk 0:08:28]} 40... Ke7 {[%clk 0:07:45]} 41. Kc5 {[%clk 0:08:50]} 41... Kd7 {
[%clk 0:08:08]} 42. a5 {[%clk 0:09:15]} 42... Kd8 {[%clk 0:07:31]} 43. Kxc6 {
[%clk 0:09:39]} 43... Kc8 {[%clk 0:07:55]} 44. d5 {[%clk 0:09:36]} 44... Kd8 {
[%clk 0:08:02]} 45. d6 {[%clk 0:09:53]} 45... cxd6 {[%clk 0:06:49]} 46. Kxd6 {
[%clk 0:10:16]} 46... Kc8 {[%clk 0:07:03]} 47. Ke6 {[%clk 0:10:34]} 47... Kc7 {
[%clk 0:07:14]} 48. Kxf6 {[%clk 0:10:58]} 48... Kc6 {[%clk 0:07:12]} 49. Kg7 {
[%clk 0:11:19]} 49... Kb5 {[%clk 0:07:33]} 50. f6 {[%clk 0:11:39]} 50... Kxb4 {
[%clk 0:07:58]} 51. f7 {[%clk 0:12:02]} 51... Kxa5 {[%clk 0:08:23]} 52. f8=Q {
[%clk 0:12:24]} 52... Kb5 {[%clk 0:08:44]} 53. Qa3 {[%clk 0:12:45]} 53... a5 {
[%clk 0:08:51]} 54. Kxh6 {[%clk 0:13:08]} 54... a4 {[%clk 0:09:07]} 55. Kxg5 {
[%clk 0:13:32]} 1-0

[Event "DEM U12w 2018"]
[Site "Willingen GER"]
[Date "2018.05.23"]
[Round "7"]
[White "Wörz, Ann-Sophie"]
[Black "Wagner, Margarethe"]
[Result "0-1"]
[Termination "normal"]
[Board "4"]
[WhiteElo "1433"]
[BlackElo "1515"]
[WhiteClock "00:20:41"]
[BlackClock "00:17:58"]
[PlyCount "92"]
[WhiteFideId "16265890"]
[BlackFideId "16236947"]
[EventCountry "GER"]
[EventRounds "11"]
[EventType "swiss"]
[EventDate "2018.05.19"]

1. e4 {[%clk 1:15:59]} 1... c5 {[%clk 1:15:53]} 2. Nf3 {[%clk 1:16:23]} 2... d6
{[%clk 1:16:14]} 3. d4 {[%clk 1:16:47]} 3... cxd4 {[%clk 1:16:31]} 4. Nxd4 {
[%clk 1:17:11]} 4... Nf6 {[%clk 1:16:43]} 5. Nc3 {[%clk 1:17:24]} 5... a6 {
[%clk 1:16:52]} 6. h3 {[%clk 1:17:30]} 6... e5 {[%clk 1:16:29]} 7. Nde2 { [%clk
1:14:28]} 7... Be6 {[%clk 1:13:28]} 8. g4 {[%clk 1:14:12]} 8... b5 { [%clk
1:12:26]} 9. Ng3 {[%clk 1:11:03]} 9... Nc6 {[%clk 1:08:14]} 10. a3 { [%clk
1:07:53]} 10... Be7 {[%clk 1:06:24]} 11. Bg2 {[%clk 1:06:11]} 11... Rc8 { [%clk
1:04:17]} 12. Be3 {[%clk 1:04:22]} 12... Na5 {[%clk 1:02:53]} 13. Bd2 { [%clk
0:56:31]} 13... Nc4 {[%clk 1:02:01]} 14. Rb1 {[%clk 0:54:39]} 14... Qc7 { [%clk
0:59:23]} 15. O-O {[%clk 0:51:59]} 15... O-O {[%clk 0:58:11]} 16. g5 { [%clk
0:50:58]} 16... Nd7 {[%clk 0:56:18]} 17. Re1 {[%clk 0:50:23]} 17... Qd8 { [%clk
0:54:01]} 18. h4 {[%clk 0:50:12]} 18... Nc5 {[%clk 0:50:59]} 19. Qe2 { [%clk
0:44:29]} 19... Qd7 {[%clk 0:50:09]} 20. Kh2 {[%clk 0:43:39]} 20... Bg4 { [%clk
0:49:07]} 21. f3 {[%clk 0:43:44]} 21... Be6 {[%clk 0:49:29]} 22. Be3 { [%clk
0:42:54]} 22... Rfd8 {[%clk 0:45:12]} 23. Nd1 {[%clk 0:41:05]} 23... Qc7 {[%clk
0:43:24]} 24. Nf2 {[%clk 0:39:19]} 24... Na4 {[%clk 0:40:10]} 25. Nd3 { [%clk
0:37:21]} 25... Nxe3 {[%clk 0:38:40]} 26. Qxe3 {[%clk 0:37:36]} 26... Qxc2
{[%clk 0:36:15]} 27. b3 {[%clk 0:30:42]} 27... Rc3 {[%clk 0:30:56]} 28. bxa4
{[%clk 0:25:42]} 28... Rxd3 {[%clk 0:30:13]} 29. Qa7 {[%clk 0:25:13]} 29... Rd2
{[%clk 0:24:44]} 30. Re2 {[%clk 0:23:38]} 30... Rxe2 {[%clk 0:23:43]} 31. Nxe2
{[%clk 0:23:16]} 31... Qxb1 {[%clk 0:21:11]} 32. Qxe7 {[%clk 0:23:34]} 32...
Rf8 {[%clk 0:21:35]} 33. Qxd6 {[%clk 0:23:00]} 33... Qe1 {[%clk 0:19:42]} 34.
Ng3 {[%clk 0:22:29]} 34... Qa5 {[%clk 0:18:06]} 35. axb5 {[%clk 0:22:36]} 35...
Qxb5 {[%clk 0:17:59]} 36. Bf1 {[%clk 0:22:49]} 36... Qb2+ {[%clk 0:17:55] } 37.
Kg1 {[%clk 0:23:01]} 37... Qd4+ {[%clk 0:17:42]} 38. Qxd4 {[%clk 0:23:16] }
38... exd4 {[%clk 0:18:09]} 39. Bd3 {[%clk 0:22:28]} 39... Rb8 { [%clk
0:17:55]} 40. a4 {[%clk 0:22:20]} 40... a5 {[%clk 0:17:50]} 41. Ne2 { [%clk
0:22:17]} 41... Rb4 {[%clk 0:17:54]} 42. Bb5 {[%clk 0:21:50]} 42... Bb3 { [%clk
0:17:47]} 43. Kf1 {[%clk 0:20:28]} 43... Bxa4 {[%clk 0:17:53]} 44. Bd3 { [%clk
0:20:33]} 44... Bd1 {[%clk 0:17:40]} 45. Ke1 {[%clk 0:20:27]} 45... Bxe2 {[%clk
0:17:35]} 46. Bxe2 {[%clk 0:20:41]} 46... a4 {[%clk 0:17:58]} 0-1

[Event "DEM U12w 2018"]
[Site "Willingen GER"]
[Date "2018.05.23"]
[Round "7"]
[White "Schneider, Anna"]
[Black "Keymer, Cecilia"]
[Result "1-0"]
[Termination "normal"]
[Board "5"]
[WhiteElo "1432"]
[BlackElo "1423"]
[WhiteClock "00:45:28"]
[BlackClock "00:05:04"]
[PlyCount "107"]
[WhiteFideId "16200527"]
[BlackFideId "16233468"]
[EventCountry "GER"]
[EventRounds "11"]
[EventType "swiss"]
[EventDate "2018.05.19"]

1. e4 {[%clk 1:15:59]} 1... e5 {[%clk 1:15:59]} 2. Nf3 {[%clk 1:16:23]} 2...
Nc6 {[%clk 1:16:25]} 3. d4 {[%clk 1:16:50]} 3... exd4 {[%clk 1:16:27]} 4. Bc4 {
[%clk 1:17:14]} 4... Nf6 {[%clk 1:16:38]} 5. e5 {[%clk 1:17:34]} 5... d5 {
[%clk 1:17:01]} 6. Bb5 {[%clk 1:17:58]} 6... Nd7 {[%clk 1:16:50]} 7. Nxd4 {
[%clk 1:17:48]} 7... Ncxe5 {[%clk 1:16:44]} 8. Qe2 {[%clk 1:16:46]} 8... Qe7 {
[%clk 1:15:57]} 9. O-O {[%clk 1:16:34]} 9... Ng6 {[%clk 1:13:55]} 10. Qd2 {
[%clk 1:15:37]} 10... Qd6 {[%clk 1:12:51]} 11. Re1+ {[%clk 1:15:48]} 11... Be7
{[%clk 1:11:43]} 12. Qe2 {[%clk 1:12:46]} 12... c6 {[%clk 1:08:13]} 13. Bd3 {
[%clk 1:11:07]} 13... Nde5 {[%clk 1:06:06]} 14. Bxg6 {[%clk 1:08:20]} 14...
Nxg6 {[%clk 1:05:37]} 15. h4 {[%clk 1:07:23]} 15... Nxh4 {[%clk 0:59:57]} 16.
Bf4 {[%clk 1:05:41]} 16... Qd7 {[%clk 0:56:25]} 17. Bg5 {[%clk 1:04:11]} 17...
Ng6 {[%clk 0:55:08]} 18. Bxe7 {[%clk 1:03:20]} 18... Qxe7 {[%clk 0:54:58]} 19.
Qd2 {[%clk 1:01:56]} 19... Be6 {[%clk 0:46:49]} 20. f4 {[%clk 1:00:20]} 20...
c5 {[%clk 0:43:46]} 21. Nxe6 21... fxe6 {[%clk 0:42:52]} 22. f5 {[%clk 0:57:12]
} 22... Nf8 {[%clk 0:40:05]} 23. fxe6 {[%clk 0:54:59]} 23... Rd8 { [%clk
0:33:11]} 24. Qf4 {[%clk 0:52:57]} 24... b5 {[%clk 0:27:28]} 25. Nc3 { [%clk
0:52:30]} 25... a6 {[%clk 0:25:59]} 26. Qf5 {[%clk 0:50:59]} 26... Qf6 { [%clk
0:17:43]} 27. Qxf6 {[%clk 0:49:33]} 27... gxf6 {[%clk 0:18:08]} 28. e7 { [%clk
0:49:54]} 28... Rd6 {[%clk 0:16:53]} 29. exf8=Q+ {[%clk 0:49:53]} 29... Kxf8
{[%clk 0:17:21]} 30. Rad1 {[%clk 0:49:44]} 30... d4 {[%clk 0:16:27]} 31. Ne4
{[%clk 0:49:54]} 31... Rc6 {[%clk 0:16:26]} 32. c3 {[%clk 0:49:37]} 32... dxc3
{[%clk 0:14:50]} 33. Nxc3 {[%clk 0:49:56]} 33... Kg7 {[%clk 0:14:35]} 34. Rd7+
{[%clk 0:49:01]} 34... Kg6 {[%clk 0:14:21]} 35. Red1 {[%clk 0:48:26]} 35... h5
{[%clk 0:13:31]} 36. R7d6 {[%clk 0:46:23]} 36... Rhc8 {[%clk 0:12:49]} 37. Ne4
{[%clk 0:45:11]} 37... c4 {[%clk 0:12:08]} 38. Rxc6 {[%clk 0:45:18]} 38... Rxc6
{[%clk 0:12:30]} 39. Rd6 {[%clk 0:45:27]} 39... Rxd6 {[%clk 0:11:43] } 40. Nxd6
{[%clk 0:45:50]} 40... f5 {[%clk 0:10:37]} 41. Kf2 {[%clk 0:45:46]} 41... Kg5
{[%clk 0:10:14]} 42. Kf3 {[%clk 0:45:14]} 42... f4 {[%clk 0:09:26]} 43. Nb7
{[%clk 0:44:53]} 43... Kf5 {[%clk 0:09:09]} 44. Nc5 {[%clk 0:44:48]} 44... a5
{[%clk 0:09:11]} 45. Nb7 {[%clk 0:44:52]} 45... b4 {[%clk 0:07:14]} 46. Nd6+
{[%clk 0:43:38]} 46... Kg5 {[%clk 0:06:42]} 47. Nxc4 {[%clk 0:43:36]} 47... a4
{[%clk 0:06:13]} 48. a3 {[%clk 0:43:30]} 48... b3 {[%clk 0:06:20]} 49. Nb6
{[%clk 0:43:51]} 49... h4 {[%clk 0:05:58]} 50. Nxa4 {[%clk 0:44:08]} 50... Kf5
{[%clk 0:05:59]} 51. Nc5 {[%clk 0:44:27]} 51... Ke5 {[%clk 0:05:44]} 52. Nxb3
{[%clk 0:44:50]} 52... Kf5 {[%clk 0:04:52]} 53. a4 {[%clk 0:45:11]} 53... Ke6
{[%clk 0:05:04]} 54. Kxf4 {[%clk 0:45:28]} 1-0

[Event "DEM U12w 2018"]
[Site "Willingen GER"]
[Date "2018.05.23"]
[Round "7"]
[White "Baltic, Sara"]
[Black "Butenandt, Svenja"]
[Result "0-1"]
[Termination "normal"]
[Board "6"]
[WhiteElo "1432"]
[BlackElo "1730"]
[WhiteClock "00:37:11"]
[BlackClock "00:48:07"]
[PlyCount "86"]
[WhiteFideId "16210409"]
[BlackFideId "12993859"]
[EventCountry "GER"]
[EventRounds "11"]
[EventType "swiss"]
[EventDate "2018.05.19"]

1. e4 {[%clk 1:15:57]} 1... d5 {[%clk 1:15:54]} 2. exd5 {[%clk 1:16:16]} 2...
Qxd5 {[%clk 1:16:18]} 3. Nc3 {[%clk 1:16:24]} 3... Qd8 {[%clk 1:16:43]} 4. d4 {
[%clk 1:15:49]} 4... Nf6 {[%clk 1:17:08]} 5. Bf4 {[%clk 1:15:52]} 5... Bg4 {
[%clk 1:16:04]} 6. Be2 {[%clk 1:14:21]} 6... Bxe2 {[%clk 1:16:08]} 7. Ngxe2 {
[%clk 1:14:30]} 7... e6 {[%clk 1:16:07]} 8. O-O {[%clk 1:14:05]} 8... c6 {
[%clk 1:16:29]} 9. Re1 {[%clk 1:13:38]} 9... Be7 {[%clk 1:16:48]} 10. Ng3 {
[%clk 1:12:52]} 10... O-O {[%clk 1:16:12]} 11. Qe2 {[%clk 1:11:16]} 11... Nbd7
{[%clk 1:15:32]} 12. Nce4 {[%clk 1:03:40]} 12... Nxe4 {[%clk 1:12:35]} 13. Nxe4
{[%clk 1:02:43]} 13... Nf6 {[%clk 1:12:16]} 14. Nxf6+ {[%clk 1:01:50]} 14...
Bxf6 {[%clk 1:12:41]} 15. Be5 {[%clk 1:01:09]} 15... Bxe5 {[%clk 1:09:02]} 16.
dxe5 {[%clk 0:58:51]} 16... Qb6 {[%clk 1:08:03]} 17. b3 {[%clk 0:57:12]} 17...
Rfd8 {[%clk 1:07:18]} 18. Kh1 {[%clk 0:53:47]} 18... Qa5 {[%clk 1:06:13]} 19.
f4 {[%clk 0:50:09]} 19... Rd2 {[%clk 1:04:46]} 20. Qe4 {[%clk 0:48:09]} 20...
Qc3 {[%clk 1:03:06]} 21. Rac1 {[%clk 0:45:01]} 21... Rad8 {[%clk 1:01:16]} 22.
h3 {[%clk 0:43:11]} 22... R8d4 {[%clk 0:59:02]} 23. Qe3 {[%clk 0:40:27]} 23...
Qxe3 {[%clk 0:57:22]} 24. Rxe3 {[%clk 0:40:22]} 24... Rxf4 {[%clk 0:57:06]} 25.
Rd3 {[%clk 0:38:48]} 25... Rxd3 {[%clk 0:56:22]} 26. cxd3 {[%clk 0:38:44]}
26... Rd4 {[%clk 0:56:16]} 27. Rc3 {[%clk 0:38:07]} 27... Rd5 {[%clk 0:55:42]}
28. Rc4 {[%clk 0:36:42]} 28... Rxe5 {[%clk 0:54:55]} 29. Ra4 {[%clk 0:35:54]}
29... a6 {[%clk 0:54:43]} 30. Rc4 {[%clk 0:35:30]} 30... Rd5 {[%clk 0:53:33]}
31. Rc3 {[%clk 0:35:35]} 31... Kf8 {[%clk 0:49:26]} 32. Kg1 {[%clk 0:35:20]}
32... Ke7 {[%clk 0:49:21]} 33. Kf2 {[%clk 0:35:36]} 33... Kd6 {[%clk 0:49:40]}
34. Ke3 {[%clk 0:35:45]} 34... Rc5 {[%clk 0:49:15]} 35. Kd4 {[%clk 0:35:16]}
35... Rxc3 {[%clk 0:49:37]} 36. Kxc3 {[%clk 0:35:38]} 36... Kc5 {[%clk 0:49:14]
} 37. d4+ {[%clk 0:35:49]} 37... Kd5 {[%clk 0:49:07]} 38. Kd3 {[%clk 0:35:56]}
38... c5 {[%clk 0:49:01]} 39. dxc5 {[%clk 0:36:09]} 39... Kxc5 {[%clk 0:49:26]}
40. Kc3 {[%clk 0:36:30]} 40... f5 {[%clk 0:48:36]} 41. a3 {[%clk 0:36:46]}
41... e5 {[%clk 0:48:44]} 42. g3 {[%clk 0:37:04]} 42... g5 {[%clk 0:48:03]} 43.
g4 {[%clk 0:37:11]} 43... f4 {[%clk 0:48:07]} 0-1